[Event "Arber op 1st"]
[Site "Bayerisch Eisenstein"]
[Date "2012.08.18"]
[Round "1"]
[White "Valet, Richard"]
[Black "Pauer, Franz"]
[Result "1-0"]
[WhiteElo "1986"]
[BlackElo "1506"]
[PlyCount "89"]
[EventDate "2012.08.18"]
[EventType "swiss"]
[EventRounds "9"]
[EventCountry "GER"]
[SourceTitle "CBM 150 Extra"]
[Source "ChessBase"]
[SourceDate "2012.10.19"]
[SourceVersion "1"]
[SourceVersionDate "2012.10.19"]
[SourceQuality "1"]

1. e4 d5 2. exd5 Nf6 3. c4 e6 4. dxe6 Bxe6 5. Nf3 Nc6 6. d4 Bb4+ 7. Bd2 Qe7 8. Qe2 Bg4 9. Qxe7+ Bxe7 10. Bc3 0-0-0 11. Nbd2 Nb4 12. Bxb4 Bxb4 13. 0-0-0 Bf5 14. h3 Rhe8 15. a3 Bf8 16. g3 Rd6 17. c5 Rde6 18. Bc4 R6e7 19. c6 Rd8 20. g4 Bg6 21. Rhe1 h6 22. Rxe7 Bxe7 23. Re1 Bf8 24. b4 Rd6 25. cxb7+ Kxb7 26. Re5 Nd7 27. Rb5+ Nb6 28. Kb2 f6 29. Bb3 a6 30. Ra5 Bd3 31. d5 Bb5 32. Ne4 Rd8 33. Nd4 Bc4 34. Ne6 Re8 35. N4c5+ Bxc5 36. Rxc5 Bxb3 37. Kxb3 Re7 38. Nd8+ Ka8 39. Ra5 Rd7 40. Rxa6+ Kb8 41. Nc6+ Kb7 42. Ra7+ Kc8 43. b5 Nxd5 44. Ra8+ Kb7 45. Rb8# 1-0

[Event "Oberpfalz-ch M3"]
[Site "Roding"]
[Date "2010.03.28"]
[Round "4"]
[White "Pauer, Franz"]
[Black "Bucher, Florian"]
[Result "1-0"]
[WhiteElo "1416"]
[BlackElo "1297"]
[PlyCount "25"]
[EventDate "2010.03.27"]
[EventType "swiss"]
[EventRounds "8"]
[EventCountry "GER"]
[SourceTitle "EXT 2012"]
[Source "ChessBase"]
[SourceDate "2011.11.24"]
[SourceVersion "1"]
[SourceVersionDate "2011.11.24"]
[SourceQuality "1"]

1. e4 c6 2. d4 d5 3. exd5 cxd5 4. Nf3 Nc6 5. Nc3 Bg4 6. Be2 e6 7. h3 Bh5 8. g4 Bg6 9. h4 Nb4 10. Bb5+ Nc6 11. Ne5 Qc7 12. h5 Be4 13. f3 1-0

[Event "Oberpfalz-ch M3"]
[Site "Roding"]
[Date "2010.03.27"]
[Round "2"]
[White "Pauer, Franz"]
[Black "Prommersberger, Helmut"]
[Result "0-1"]
[WhiteElo "1416"]
[BlackElo "1485"]
[PlyCount "80"]
[EventDate "2010.03.27"]
[EventType "swiss"]
[EventRounds "8"]
[EventCountry "GER"]
[SourceTitle "EXT 2012"]
[Source "ChessBase"]
[SourceDate "2011.11.24"]
[SourceVersion "1"]
[SourceVersionDate "2011.11.24"]
[SourceQuality "1"]

1. e4 e5 2. Nc3 Bc5 3. Nf3 d6 4. Na4 Bb4 5. c3 Ba5 6. b4 Bb6 7. Nxb6 axb6 8. d4 Bg4 9. Bc4 Nd7 10. Bxf7+ Kxf7 11. Ng5+ Qxg5 12. Qb3+ Be6 13. d5 Qxg2 14. dxe6+ Ke7 15. Rf1 Qxe4+ 16. Be3 Ndf6 17. 0-0-0 Ng4 18. Bg5+ N8f6 19. f3 Qf5 20. Bd2 Nxh2 21. Rg1 g6 22. Qc4 Qxe6 23. Qxe6+ Kxe6 24. Rg3 Rxa2 25. Bg5 Ra1+ 26. Kc2 Rxd1 27. Kxd1 Ra8 28. Rh3 Ra1+ 29. Ke2 Ra2+ 30. Ke1 Nh5 31. Be3 Ra1+ 32. Kf2 Nf1 33. Bg5 Nfg3 34. Bh4 Rh1 35. Rxh1 Nxh1+ 36. Kg2 N1g3 37. Bxg3 Nxg3 38. Kxg3 Kd5 39. f4 exf4+ 40. Kxf4 h6 0-1

[Event "Nittenau-ch 06th"]
[Site "Nittenau"]
[Date "2006.09.15"]
[Round "1"]
[White "Pauer, Franz"]
[Black "Atento, Emanuel"]
[Result "0-1"]
[WhiteElo "1281"]
[BlackElo "1935"]
[PlyCount "104"]
[EventDate "2006.09.15"]
[EventType "swiss"]
[EventRounds "5"]
[EventCountry "GER"]
[SourceTitle "EXT 2022"]
[Source "ChessBase"]
[SourceDate "2021.10.06"]
[SourceVersion "1"]
[SourceVersionDate "2021.10.06"]
[SourceQuality "1"]

1. e4 d6 2. d4 Nf6 3. Bd3 e5 4. Nf3 Nc6 5. c3 Be7 6. d5 Nb8 7. h3 Nbd7 8. b4 c5 9. Nbd2 Qc7 10. Bb2 c4 11. Nxc4 Nxe4 12. Qe2 Nef6 13. Be4 Nxe4 14. Qxe4 Nf6 15. Qe2 Nxd5 16. Nfd2 0-0 17. g3 Be6 18. Rc1 Rac8 19. 0-0 Bxh3 20. Rfd1 Be6 21. Na3 Nf6 22. Kg2 a6 23. Nf3 Bg4 24. c4 e4 25. Qe3 Bxf3+ 26. Kg1 Qd7 27. Kf1 Qh3+ 28. Ke1 Ng4 29. Qc3 Bf6 30. Rd4 e3 31. Qd3 Qh1+ 32. Qf1 exf2+ 33. Kd2 Bg5+ 34. Rf4 Bxf4+ 35. gxf4 Qxf1 36. Rxf1 Bg2 37. Rxf2 Nxf2 38. Bd4 Ng4 39. Kc3 h5 40. Nc2 Rfe8 41. Bg1 h4 42. Kd3 h3 43. Nd4 h2 44. Bxh2 Nxh2 45. Nf5 Be4+ 46. Kd4 Bxf5 47. a4 Re4+ 48. Kd5 Rcxc4 49. Kxd6 Nf3 50. b5 Red4+ 51. Ke7 Rd7+ 52. Ke8 Rc8# 0-1